[Event "51st POL-ch"]
[Site "Gdansk POL"]
[Date "1994.03.??"]
[Round "10"]
[White "Czerwonski, Aleksander"]
[Black "Skalik, Przemyslaw"]
[Result "1-0"]
[WhiteElo "2395"]
[BlackElo "2365"]
[EventDate "1994.03.13"]
[PlyCount "143"]

1.d4 d5 2.c4 c6 3.Nf3 Nf6 4.Nc3 e6 5.Bg5 dxc4 6.e4 b5 7.e5 h6 8.Bh4 g5 9.
Nxg5 hxg5 10.Bxg5 Nbd7 11.exf6 Bb7 12.g3 c5 13.d5 Bh6 14.Bxh6 Rxh6 15.Bg2 
Nxf6 16.Nxb5 exd5 17.O-O Kf8 18.Qd2 Kg7 19.Qf4 Ne8 20.Rad1 Bc6 21.Nc3 d4 
22.Ne4 Qd5 23.Bf3 Rd8 24.Nd2 Qd6 25.Qxd6 Rhxd6 26.Bxc6 Rxc6 27.Nxc4 Ra6 
28.a3 Nd6 29.Ne5 Rb6 30.b4 cxb4 31.axb4 Ne4 32.Nd3 Nc3 33.Ra1 a6 34.Rfe1 
Nd5 35.Ra4 Rc8 36.b5 axb5 37.Rxd4 Nf6 38.Re5 Rc4 39.Rg5+ Kf8 40.Rxb5 Rxd4 
41.Rxb6 Ne4 42.Rb3 Nd2 43.Rb8+ Kg7 44.Nf4 Nf3+ 45.Kg2 Ne1+ 46.Kf1 Nf3 47.
h3 Ra4 48.Rb2 Ra3 49.h4 Ra4 50.Rb6 Ra2 51.Nh5+ Kf8 52.Rf6 Ne5 53.Kg2 Ke7 
54.Rf5 Nd3 55.g4 Ra4 56.Kg3 Ra1 57.Nf4 Ne1 58.Ng2 Nd3 59.Rd5 Ra3 60.Ne3 
Kf6 61.Rd6+ Kg7 62.h5 Ne5 63.Kg2 Ra4 64.g5 Rf4 65.Rd4 Rxd4 66.Nf5+ Kh7 67.
Nxd4 f6 68.g6+ Kg8 69.Nf5 Nc6 70.h6 Kh8 71.Nd6 Ne5 72.Nf7+ 1-0

[Event "51st POL-ch"]
[Site "Gdansk POL"]
[Date "1994.03.??"]
[Round "10"]
[White "Gdanski, Jacek"]
[Black "Markowski, Tomasz"]
[Result "1/2-1/2"]
[WhiteElo "2505"]
[BlackElo "2495"]
[EventDate "1994.03.13"]
[PlyCount "34"]

1.e4 c5 2.Nf3 Nc6 3.Bb5 e6 4.O-O Nge7 5.c3 d5 6.exd5 Qxd5 7.d4 cxd4 8.Nxd4
Bd7 9.Nxc6 Qxb5 10.Nd4 Qd5 11.Be3 Nc6 12.Nxc6 Bxc6 13.Qxd5 Bxd5 14.Nd2 Bd6
15.c4 Bc6 16.Nb3 Ke7 17.Na5 Rhc8 1/2-1/2

[Event "51st POL-ch"]
[Site "Gdansk POL"]
[Date "1994.03.??"]
[Round "10"]
[White "Kaminski, Marcin"]
[Black "Grabarczyk, Miroslaw"]
[Result "1/2-1/2"]
[WhiteElo "2445"]
[BlackElo "2435"]
[EventDate "1994.03.13"]
[PlyCount "57"]

1.e4 e5 2.Nf3 Nc6 3.Bb5 a6 4.Ba4 Nf6 5.O-O Be7 6.Re1 b5 7.Bb3 d6 8.c3 O-O 
9.d4 Bg4 10.d5 Na5 11.Bc2 c6 12.h3 Bc8 13.dxc6 Qc7 14.Nbd2 Qxc6 15.a4 Be6 
16.Ng5 Bd7 17.Nf1 h6 18.Nf3 Rfe8 19.Nh4 Bf8 20.Qf3 d5 21.axb5 axb5 22.exd5
Qxd5 23.Qg3 Nh5 24.Ne3 Qc6 25.Qf3 Qxf3 26.Nxf3 Nf6 27.Nxe5 Rxe5 28.b4 Re6 
29.bxa5 1/2-1/2

[Event "51st POL-ch"]
[Site "Gdansk POL"]
[Date "1994.03.??"]
[Round "10"]
[White "Matlak, Marek"]
[Black "Schmidt, Wlodzimierz"]
[Result "1/2-1/2"]
[WhiteElo "2485"]
[BlackElo "2435"]
[EventDate "1994.03.13"]
[PlyCount "71"]

1.d4 Nf6 2.Nf3 g6 3.c4 Bg7 4.g3 c6 5.b3 d5 6.Bb2 O-O 7.Bg2 a5 8.Nc3 Ne4 9.
O-O Bf5 10.e3 Nd7 11.Qe2 Nxc3 12.Bxc3 Be4 13.cxd5 cxd5 14.Qb5 Ra7 15.Rfc1 
Bxf3 16.Bxf3 e6 17.Bb2 Re8 18.Ba3 Bf8 19.Bxf8 Rxf8 20.Be2 Nf6 21.Qc5 Qb8 
22.Rc2 b6 23.Qc6 Rd8 24.Rac1 Ne8 25.Qa4 Nd6 26.Bd3 Kg7 27.Kg2 h5 28.h4 Rc8
29.Rxc8 Nxc8 30.Qc6 Nd6 31.Kf3 Qd8 32.Ke2 Rd7 33.Bb5 Nxb5 34.Qxb5 Rc7 35.
Rxc7 Qxc7 36.Kf1 1/2-1/2

[Event "51st POL-ch"]
[Site "Gdansk POL"]
[Date "1994.03.??"]
[Round "10"]
[White "Pedzich, Dominik"]
[Black "Murdzia, Piotr"]
[Result "1-0"]
[WhiteElo "2400"]
[BlackElo "2435"]
[EventDate "1994.03.13"]
[PlyCount "65"]

1.e4 e6 2.d4 d5 3.Nc3 Bb4 4.e5 Ne7 5.a3 Bxc3+ 6.bxc3 c5 7.Qg4 Qc7 8.Bd3 c4
9.Be2 O-O 10.Nf3 Nbc6 11.O-O f5 12.Qh5 Qa5 13.Bd2 Bd7 14.a4 Rab8 15.Kh1 f4
16.Qg4 Nf5 17.g3 fxg3 18.hxg3 Nce7 19.Kg2 Be8 20.Rh1 Bg6 21.Ng5 Qb6 22.a5 
Qc6 23.Qh3 h6 24.Nf3 Rf7 25.g4 Rbf8 26.Kg1 Qe8 27.Rh2 Nc6 28.gxf5 Bxf5 29.
Qg3 Bxc2 30.Bxh6 Ne7 31.Be3 Rf5 32.Ng5 Ng6 33.Qh3 1-0

[Event "51st POL-ch"]
[Site "Gdansk POL"]
[Date "1994.03.??"]
[Round "10"]
[White "Urban, Klaudiusz"]
[Black "Jaracz, Pawel"]
[Result "0-1"]
[WhiteElo "2440"]
[BlackElo "2370"]
[EventDate "1994.03.13"]
[PlyCount "160"]

1.d4 Nf6 2.c4 e6 3.g3 c5 4.d5 exd5 5.cxd5 d6 6.Nc3 g6 7.Bg2 Bg7 8.Nf3 O-O 
9.O-O a6 10.a4 Re8 11.Bf4 Nbd7 12.Bxd6 Qb6 13.Bf4 Qxb2 14.Qc1 Qb4 15.Rb1 
Qa5 16.Rd1 Nb6 17.Bc7 Nfd7 18.Rb3 c4 19.Ra3 Qc5 20.d6 Nf6 21.a5 Nbd5 22.
Na4 Qb4 23.Nb6 Nxb6 24.axb6 Rxe2 25.Nd4 Rb2 26.Rc3 Bh6 27.Qxh6 Qxc3 28.Qf4
Nh5 29.Qe5 Bd7 30.Nc6 Qxe5 31.Nxe5 c3 32.Rc1 c2 33.Be4 Re8 34.f4 f6 35.
Bd5+ Kg7 36.Nd3 Rb1 37.Kf2 Rxc1 38.Nxc1 Bc8 39.Bxb7 Bxb7 40.d7 Kf7 41.
dxe8=Q+ Kxe8 42.Ke3 Ng7 43.Kd3 Ne6 44.Bb8 Kd7 45.Kxc2 Kc6 46.Ba7 a5 47.Kb3
Nc5+ 48.Kc2 Kb5 49.Nb3 Ne6 50.Nd2 Nd4+ 51.Kb2 a4 52.Ka3 Nc2+ 53.Kb2 Ne3 
54.Ka3 f5 55.Bb8 Nd5 56.Bc7 Ne3 57.Bd8 Bc6 58.Bc7 Kc5 59.Bd8 Kb5 60.Bc7 
Nd5 61.Nf3 Nxb6 62.Nd4+ Kc5 63.Ne6+ Kd5 64.Nf8 Nc4+ 65.Kb4 Ne3 66.Nxh7 Nf1
67.g4 Nxh2 68.gxf5 gxf5 69.Ng5 Ng4 70.Nf3 Ne3 71.Ne5 Be8 72.Nf3 Ke4 73.
Ng5+ Kd3 74.Ka3 Kc2 75.Nf3 Kb1 76.Nd4 Nc4+ 77.Kb4 a3 78.Ne2 Bf7 79.Nc3+ 
Kb2 80.Bd8 a2 0-1

[Event "51st POL-ch"]
[Site "Gdansk POL"]
[Date "1994.03.??"]
[Round "10"]
[White "Weglarz, Leszek"]
[Black "Kempinski, Robert"]
[Result "0-1"]
[WhiteElo "2375"]
[BlackElo "2385"]
[EventDate "1994.03.13"]
[PlyCount "72"]

1.d4 Nf6 2.c4 g6 3.Nc3 Bg7 4.e4 d6 5.f4 O-O 6.Nf3 Na6 7.Bd3 Bg4 8.O-O e5 
9.fxe5 dxe5 10.d5 Qe7 11.h3 Bd7 12.Bg5 Nb4 13.a3 Nxd3 14.Qxd3 a5 15.Rf2 h6
16.Be3 b6 17.c5 bxc5 18.Qc4 Ne8 19.Bxc5 Nd6 20.Qf1 a4 21.Nb5 Ra5 22.Bxd6 
cxd6 23.Nc3 f5 24.Nd2 f4 25.Nc4 Ra6 26.Na2 Bb5 27.Nc3 Be8 28.Na2 Ra7 29.
Nb4 Rc7 30.Na5 h5 31.Nac6 Qf6 32.Qb5 g5 33.Qxa4 g4 34.Qb3 Bh6 35.Kf1 f3 
36.g3 h4 0-1

[Event "51st POL-ch"]
[Site "Gdansk POL"]
[Date "1994.03.??"]
[Round "11"]
[White "Grabarczyk, Miroslaw"]
[Black "Gdanski, Jacek"]
[Result "1/2-1/2"]
[WhiteElo "2435"]
[BlackElo "2505"]
[EventDate "1994.03.13"]
[PlyCount "73"]

1.d4 Nf6 2.c4 c5 3.d5 g6 4.Nc3 d6 5.e4 Bg7 6.Nf3 Bg4 7.Be2 O-O 8.O-O Nbd7 
9.Be3 Ne8 10.Nd2 Bxe2 11.Qxe2 Bxc3 12.bxc3 e5 13.f4 exf4 14.Bxf4 Qe7 15.
Rae1 Ng7 16.Nf3 f6 17.g4 Rae8 18.Qg2 g5 19.Bg3 Ne5 20.Nxe5 fxe5 21.Rxf8+ 
Rxf8 22.Rf1 h6 23.Rxf8+ Qxf8 24.h4 gxh4 25.Bxh4 Qf4 26.Be7 Ne8 27.g5 Kf7 
28.Bd8 Qc1+ 29.Kh2 hxg5 30.Bxg5 Qxc3 31.Qf2+ Kg8 32.Be7 Qxc4 33.Qf8+ Kh7 
34.Qf5+ Kg8 35.Qf8+ Kh7 36.Qf5+ Kg8 37.Qf8+ 1/2-1/2

[Event "51st POL-ch"]
[Site "Gdansk POL"]
[Date "1994.03.??"]
[Round "11"]
[White "Jaracz, Pawel"]
[Black "Matlak, Marek"]
[Result "0-1"]
[WhiteElo "2370"]
[BlackElo "2485"]
[EventDate "1994.03.13"]
[PlyCount "168"]

1.e4 e6 2.d4 d5 3.Nc3 Bb4 4.e5 c5 5.a3 Bxc3+ 6.bxc3 Qc7 7.Nf3 b6 8.Bb5+ 
Bd7 9.Bd3 Nc6 10.O-O c4 11.Be2 f6 12.Re1 Nge7 13.a4 f5 14.Ba3 Qd8 15.Kh1 
h6 16.Nh4 Kf7 17.Bh5+ g6 18.Re3 Kg7 19.Rg3 Be8 20.f4 Kh7 21.Be2 a5 22.Rh3 
Ra7 23.Qd2 Nc8 24.g4 Rg7 25.Rg1 Kg8 26.Bd1 Rhh7 27.Nf3 N6e7 28.Rhg3 Qd7 
29.Nh4 Qxa4 30.Bd6 Qd7 31.Ba3 Qa4 32.Bd6 Qd7 33.Ba3 Na7 34.Qg2 Nb5 35.Bxe7
Qxe7 36.Qh3 Qf8 37.gxf5 gxf5 38.Ng6 Bxg6 39.Rxg6 Nc7 40.Rf6 Rxg1+ 41.Kxg1 
Qa3 42.Kf2 Qc1 43.Rg6+ Kf7 44.Qg3 Ke7 45.Ke2 Kd7 46.Rg8 Re7 47.Rb8 Kc6 48.
Qg8 Qxf4 49.Qc8 Qxh2+ 50.Ke1 Qg1+ 51.Ke2 Qg2+ 52.Ke1 Qg3+ 53.Ke2 Qg4+ 54.
Ke1 Qh4+ 55.Kd2 Qg5+ 56.Ke1 Kb5 57.Qb7 Na8 58.Qxa8 Rg7 59.Rxb6+ Kxb6 60.
Qb8+ Rb7 61.Qd6+ Kb5 62.Qxe6 Qg3+ 63.Ke2 Qg2+ 64.Ke1 Ka4 65.Qc6+ Rb5 66.e6
f4 67.Qd7 Qh1+ 68.Kf2 Qh2+ 69.Kf1 Qh3+ 70.Kg1 Qg3+ 71.Kh1 f3 72.Bxf3 Qxf3+
73.Kh2 Qf2+ 74.Kh3 Qf5+ 75.Kg3 h5 76.Qe8 Qg4+ 77.Kh2 Qf4+ 78.Kg2 Qb8 79.
Qd7 Ka3 80.e7 Qg8+ 81.Kf2 Rb8 82.Qc7 a4 83.Qa7 Re8 84.Qb7 Ka2 0-1

[Event "51st POL-ch"]
[Site "Gdansk POL"]
[Date "1994.03.??"]
[Round "11"]
[White "Markowski, Tomasz"]
[Black "Pedzich, Dominik"]
[Result "1-0"]
[WhiteElo "2495"]
[BlackElo "2400"]
[EventDate "1994.03.13"]
[PlyCount "85"]

1.b4 e5 2.Bb2 Bxb4 3.Bxe5 Nf6 4.Nf3 O-O 5.e3 d5 6.Be2 Re8 7.O-O Bg4 8.Bb2 
Nbd7 9.d3 c6 10.Nbd2 Qc7 11.Rb1 Bc5 12.c4 dxc4 13.Nxc4 Bf8 14.Ba1 Nd5 15.
Qc2 a5 16.Rfc1 Bh5 17.Ncd2 Nb4 18.Qb2 Bg6 19.e4 Rab8 20.Bf1 f6 21.a3 Na6 
22.Nh4 Bf7 23.d4 Qd6 24.a4 Nb4 25.Nf5 Qf4 26.g3 Qc7 27.d5 Ne5 28.Qd4 Red8 
29.f4 Nd7 30.d6 Qb6 31.Nc4 Qxd4+ 32.Bxd4 c5 33.Ba1 b6 34.Rd1 Re8 35.e5 g6 
36.Ne7+ Kg7 37.exf6+ Nxf6 38.g4 Bxe7 39.dxe7 Nc2 40.Be5 Bxc4 41.Bxc4 Ne3 
42.g5 Nxc4 43.gxf6+ 1-0

[Event "51st POL-ch"]
[Site "Gdansk POL"]
[Date "1994.03.??"]
[Round "11"]
[White "Schmidt, Wlodzimierz"]
[Black "Kaminski, Marcin"]
[Result "1-0"]
[WhiteElo "2435"]
[BlackElo "2445"]
[EventDate "1994.03.13"]
[PlyCount "81"]

1.Nf3 Nf6 2.c4 g6 3.Nc3 Bg7 4.d4 O-O 5.e4 d6 6.Be2 e5 7.Be3 Ng4 8.Bg5 f6 
9.Bh4 Nc6 10.d5 Ne7 11.Nd2 Nh6 12.f3 g5 13.Bf2 f5 14.O-O Ng6 15.Kh1 Nf4 
16.c5 g4 17.cxd6 cxd6 18.exf5 gxf3 19.Bxf3 Bxf5 20.Nde4 Qd7 21.Bg1 Bg6 22.
Ng5 Kh8 23.Nce4 Qe7 24.g3 Bxe4 25.Nxe4 Ng6 26.Bg2 Rxf1 27.Qxf1 a6 28.Rc1 
Rf8 29.Qd3 Nf5 30.Bb6 Qd7 31.Rc7 Qa4 32.a3 Bh6 33.Bh3 Nd4 34.Nxd6 Bg7 35.
Nf7+ Kg8 36.Ng5 e4 37.Rxg7+ Kxg7 38.Qxd4+ Qxd4 39.Bxd4+ Kh6 40.Ne6 Rf3 41.
Bg4 1-0

[Event "51st POL-ch"]
[Site "Gdansk POL"]
[Date "1994.03.??"]
[Round "11"]
[White "Skalik, Przemyslaw"]
[Black "Urban, Klaudiusz"]
[Result "0-1"]
[WhiteElo "2365"]
[BlackElo "2440"]
[EventDate "1994.03.13"]
[PlyCount "86"]

1.e4 d6 2.d4 Nf6 3.Nc3 g6 4.Nf3 Bg7 5.Be2 O-O 6.O-O Nc6 7.d5 Nb8 8.Be3 Bg4
9.Qd2 Nbd7 10.a4 c6 11.a5 Qc7 12.a6 cxd5 13.Nb5 Qb8 14.exd5 Bxf3 15.gxf3 
bxa6 16.Nd4 Qb7 17.Nc6 Nb8 18.Nb4 Qc7 19.c3 a5 20.Nc2 Nbd7 21.c4 Nc5 22.
Qxa5 Qc8 23.Ra3 e6 24.dxe6 Nxe6 25.Nb4 Re8 26.Qa6 Qb8 27.Qb5 Nh5 28.Nd3 
Qd8 29.Qd5 Qh4 30.Re1 Nhf4 31.Nxf4 Nxf4 32.Bxf4 Qxf4 33.Re3 Be5 34.Bd3 
Qxh2+ 35.Kf1 Qh3+ 36.Ke2 Bxb2 37.Be4 Rab8 38.Rb1 Bg7 39.Rb7 Rxb7 40.Qxb7 
Qc8 41.Qb3 Bd4 42.Rd3 Bc5 43.Kd1 Qc7 0-1

[Event "51st POL-ch"]
[Site "Gdansk POL"]
[Date "1994.03.??"]
[Round "12"]
[White "Czerwonski, Aleksander"]
[Black "Murdzia, Piotr"]
[Result "1-0"]
[WhiteElo "2395"]
[BlackElo "2435"]
[EventDate "1994.03.13"]
[PlyCount "105"]

1.d4 Nf6 2.c4 e6 3.Nf3 b6 4.g3 Bb7 5.Bg2 Be7 6.Nc3 O-O 7.Qc2 c5 8.d5 exd5 
9.Ng5 h6 10.h4 Na6 11.Nxd5 Bxd5 12.cxd5 d6 13.Nh3 Re8 14.Bd2 b5 15.a4 b4 
16.O-O Rc8 17.b3 Nd7 18.Qc4 Nc7 19.f4 Bf6 20.Rac1 Bd4+ 21.Nf2 Nb6 22.Qd3 
Nbxd5 23.e4 Nc3 24.Kh2 a5 25.Ng4 Qe7 26.Rce1 Rcd8 27.Ne3 Bxe3 28.Rxe3 Qe6 
29.Qc2 c4 30.f5 Qe5 31.bxc4 Qc5 32.f6 Qxc4 33.fxg7 Re7 34.Bxc3 Ne6 35.Qc1 
bxc3 36.Rxc3 Qd4 37.Qxh6 Qxg7 38.Qd2 Rb7 39.Rf5 Rdb8 40.e5 Rb3 41.Qxd6 
Rxc3 42.Qxb8+ Qf8 43.Qxf8+ Kxf8 44.Bd5 Ke7 45.h5 Rc5 46.Bb3 Nd4 47.Rxf7+ 
Ke8 48.Rb7 Rxe5 49.Bf7+ Kf8 50.Bg6 Nf3+ 51.Kg2 Ng5 52.Rb5 Re2+ 53.Kf1 1-0

[Event "51st POL-ch"]
[Site "Gdansk POL"]
[Date "1994.03.??"]
[Round "12"]
[White "Matlak, Marek"]
[Black "Skalik, Przemyslaw"]
[Result "1-0"]
[WhiteElo "2485"]
[BlackElo "2365"]
[EventDate "1994.03.13"]
[PlyCount "47"]

1.d4 d5 2.c4 c6 3.Nf3 Nf6 4.Qc2 dxc4 5.Qxc4 Bf5 6.g3 e6 7.Bg2 Nbd7 8.O-O 
Be7 9.b3 O-O 10.Ba3 a5 11.Qc1 Bb4 12.Nbd2 Ne4 13.Bb2 Nb6 14.a3 Be7 15.Rd1 
Nxd2 16.Nxd2 Qb8 17.Nc4 Ra6 18.e4 Bg6 19.Ne5 Rc8 20.Qc3 Bf8 21.Rac1 c5 22.
dxc5 Rxc5 23.Qd4 Rxc1 24.Rxc1 1-0

[Event "51st POL-ch"]
[Site "Gdansk POL"]
[Date "1994.03.??"]
[Round "12"]
[White "Schmidt, Wlodzimierz"]
[Black "Jaracz, Pawel"]
[Result "1-0"]
[WhiteElo "2435"]
[BlackElo "2370"]
[EventDate "1994.03.13"]
[PlyCount "79"]

1.Nf3 d6 2.d4 Bg4 3.c4 Nd7 4.Qb3 Rb8 5.Nbd2 Ngf6 6.h3 Bh5 7.g3 e5 8.Bg2 
Be7 9.O-O O-O 10.Re1 c6 11.e4 Re8 12.d5 Qa5 13.a3 Rec8 14.Qe3 cxd5 15.cxd5
Bd8 16.b4 Qa4 17.Bf1 b5 18.Be2 Nb6 19.Nh4 Bxe2 20.Qxe2 g6 21.Ra2 Rc7 22.
Nf1 Qb3 23.Rd2 Na4 24.Rd3 Qc4 25.Ne3 Qxc1 26.Rxc1 Rxc1+ 27.Kg2 Nxe4 28.f3 
Nf6 29.Rd2 Bb6 30.Nd1 a6 31.Rc2 Rc8 32.Rxc8+ Rxc8 33.Qd2 Rc4 34.Nf5 Nxd5 
35.Nh6+ Kg7 36.Qxd5 Kxh6 37.Qxf7 Rd4 38.Qf8+ Kg5 39.h4+ Rxh4 40.gxh4+ 1-0

[Event "51st POL-ch"]
[Site "Gdansk POL"]
[Date "1994.03.??"]
[Round "12"]
[White "Urban, Klaudiusz"]
[Black "Kempinski, Robert"]
[Result "1/2-1/2"]
[WhiteElo "2440"]
[BlackElo "2385"]
[EventDate "1994.03.13"]
[PlyCount "101"]

1.d4 Nf6 2.c4 g6 3.Nc3 Bg7 4.e4 d6 5.f3 O-O 6.Bg5 Nc6 7.Nge2 a6 8.Qd2 Rb8 
9.Rc1 Bd7 10.d5 Na5 11.Ng3 c5 12.Be2 b5 13.b3 bxc4 14.bxc4 Rb4 15.Nd1 e6 
16.O-O Qb6 17.Qf4 Nxd5 18.exd5 f6 19.Bh6 g5 20.Bxg5 fxg5 21.Qxg5 Qd8 22.
Qxd8 Rxd8 23.Ne4 exd5 24.cxd5 Bb5 25.Bxb5 axb5 26.Ndc3 Nc4 27.Nxb5 Ne3 28.
Nbxd6 Nxf1 29.Kxf1 Be5 30.Nc4 Bd4 31.d6 Kf7 32.Na5 Rb6 33.Nb3 Be5 34.Nbxc5
Bxd6 35.Nxd6+ Rdxd6 36.Ne4 Rh6 37.h3 Rb2 38.Rc7+ Kf8 39.Rc8+ Ke7 40.Rc7+ 
Kd8 41.Rg7 Rxa2 42.Kg1 Rg6 43.Rxg6 hxg6 44.Kh2 Ke7 45.Kg3 Ke6 46.Nf2 g5 
47.Ng4 Ra3 48.Nh6 Kf6 49.Ng4+ Ke6 50.Nf2 Ra2 51.Ne4 1/2-1/2

[Event "51st POL-ch"]
[Site "Gdansk POL"]
[Date "1994.03.??"]
[Round "12"]
[White "Weglarz, Leszek"]
[Black "Markowski, Tomasz"]
[Result "0-1"]
[WhiteElo "2375"]
[BlackElo "2495"]
[EventDate "1994.03.13"]
[PlyCount "80"]

1.d4 c5 2.d5 g6 3.e4 Bg7 4.Nf3 d6 5.Be2 Nf6 6.Nc3 O-O 7.O-O Na6 8.Re1 Nc7 
9.Bf1 Rb8 10.a4 b6 11.Nb5 a6 12.Nxc7 Qxc7 13.h3 b5 14.axb5 axb5 15.e5 dxe5
16.Nxe5 Bb7 17.Bf4 Nxd5 18.Bh2 Qc8 19.Bxb5 Ra8 20.Qe2 Nb6 21.c3 Qe6 22.
Rad1 Rfd8 23.Bg3 Rd6 24.Nd3 Qd5 25.Nf4 Qb3 26.Rxd6 exd6 27.Qe7 Bxg2 28.
Kxg2 Qxb5 29.Qb7 Qa6 30.Re8+ Bf8 31.Qxa6 Rxa6 32.c4 Nxc4 33.Nd5 f5 34.Rb8 
Ra7 35.Bh4 Kf7 36.Bd8 Ne5 37.Bb6 Rd7 38.Bc7 Nc6 39.Rc8 Ne7 40.Nxe7 Bxe7 
0-1

[Event "51st POL-ch"]
[Site "Gdansk POL"]
[Date "1994.03.??"]
[Round "13"]
[White "Gdanski, Jacek"]
[Black "Pedzich, Dominik"]
[Result "0-1"]
[WhiteElo "2505"]
[BlackElo "2400"]
[EventDate "1994.03.13"]
[PlyCount "152"]

1.e4 e5 2.Nf3 Nc6 3.Bb5 a6 4.Bxc6 dxc6 5.O-O Bg4 6.h3 h5 7.d3 Qf6 8.Nbd2 
Ne7 9.Re1 Ng6 10.d4 Bd6 11.hxg4 hxg4 12.Nh2 Rxh2 13.Qxg4 Qh4 14.Qxh4 Rxh4 
15.Nf3 Rh5 16.c3 O-O-O 17.g3 Re8 18.Kg2 exd4 19.cxd4 Rb5 20.b3 f5 21.e5 
Bb4 22.Re3 Rd5 23.Bb2 Nf8 24.Rh1 Ne6 25.Rh5 f4 26.Re4 fxg3 27.Kxg3 Be7 28.
Rg4 c5 29.Rg6 Kd7 30.dxc5 Rf8 31.Rxe6 Rd3 32.Rxe7+ Kxe7 33.Kg2 Rdxf3 34.
Bd4 Ke6 35.Rg5 R3f7 36.Be3 Rf5 37.Rxg7 R8f7 38.Rg8 Kxe5 39.Rb8 c6 40.f4+ 
Ke4 41.Re8+ Kd3 42.Kf3 Rh5 43.Rd8+ Rd5 44.Rh8 Re7 45.Bf2 Kc2 46.Rh2 Kd3 
47.Rh6 Rf5 48.Rd6+ Kc3 49.Kg4 Ref7 50.Be3 Rd5 51.Bf2 Kb2 52.b4 Kxa2 53.Re6
Kb3 54.Re4 Kc3 55.Kf3 Rd1 56.Kg4 Rd5 57.Kf3 Rdd7 58.Be1+ Kd3 59.Bf2 Rfe7 
60.Rxe7 Rxe7 61.Bh4 Rf7 62.Bd8 Kd4 63.Bb6 Kd5 64.Bd8 Kd4 65.Ba5 Rh7 66.Bd8
Rh1 67.Kg4 Ke4 68.Kg5 Rg1+ 69.Kf6 Kxf4 70.Bc7+ Ke4 71.Ke7 Rb1 72.Ba5 Rd1 
73.Ke6 Rd4 74.Ke7 Kd3 75.Ke6 Kc4 76.Ke5 Rd5+ 0-1

[Event "51st POL-ch"]
[Site "Gdansk POL"]
[Date "1994.03.??"]
[Round "13"]
[White "Grabarczyk, Miroslaw"]
[Black "Weglarz, Leszek"]
[Result "1/2-1/2"]
[WhiteElo "2435"]
[BlackElo "2375"]
[EventDate "1994.03.13"]
[PlyCount "150"]

1.d4 d5 2.Nf3 Nf6 3.c4 e6 4.Nc3 a6 5.cxd5 exd5 6.Bg5 Be7 7.Qc2 Nc6 8.a3 
Na7 9.e3 c6 10.Bd3 Nb5 11.O-O g6 12.Ne2 Nh5 13.Bh6 Bf8 14.Bxf8 Kxf8 15.b4 
Kg7 16.a4 Nd6 17.b5 cxb5 18.axb5 a5 19.Qc5 Nf6 20.b6 Nde4 21.Bxe4 Nxe4 22.
Qb5 Bg4 23.Ne5 Bxe2 24.Qxe2 Qxb6 25.Rab1 Qc7 26.Rfc1 Qe7 27.Qb5 Rhc8 28.
Rxc8 Rxc8 29.Qxa5 Rc2 30.Qxd5 Nxf2 31.Rf1 f6 32.Rb1 Nd3 33.Qd7 Qxd7 34.
Nxd7 b5 35.Kf1 b4 36.Nc5 Nb2 37.Re1 Nc4 38.Re2 Rc3 39.Na4 Ra3 40.Nb2 Nxe3+
41.Ke1 Kf7 42.g3 Rb3 43.Na4 Nd5 44.Kd2 Ra3 45.Nb2 Nc3 46.Re1 Nd5 47.Nc4 
Ra6 48.Kd3 h5 49.Re2 g5 50.Rf2 Ke6 51.Re2+ Kd7 52.Rf2 Ra1 53.Nd2 Ra3+ 54.
Kc4 Kc6 55.Ne4 Re3 56.Rf5 Nb6+ 57.Kxb4 Rxe4 58.Rxf6+ Kc7 59.Rh6 h4 60.gxh4
gxh4 61.Kc5 Na4+ 62.Kc4 Nb2+ 63.Kd5 Rf4 64.Rh7+ Kd8 65.Ke6 Rxd4 66.Rh8+ 
Kc7 67.Kf5 Nd3 68.Kg5 Ne1 69.Rf8 Ng2 70.Rf2 h3 71.Rf7+ Kd6 72.Rh7 Nf4 73.
Kf5 Ne6 74.Rxh3 Rf4+ 75.Kg6 Rf2 1/2-1/2

[Event "51st POL-ch"]
[Site "Gdansk POL"]
[Date "1994.03.??"]
[Round "13"]
[White "Jaracz, Pawel"]
[Black "Kaminski, Marcin"]
[Result "1-0"]
[WhiteElo "2370"]
[BlackElo "2445"]
[EventDate "1994.03.13"]
[PlyCount "67"]

1.g3 g6 2.Bg2 d5 3.f4 Bg7 4.Nf3 Nf6 5.O-O O-O 6.d3 c5 7.Qe1 Nc6 8.Na3 Re8 
9.Qf2 b6 10.Ne5 Bb7 11.c4 Rf8 12.Nxc6 Bxc6 13.h3 Rc8 14.Bd2 Qd7 15.Rac1 d4
16.b4 Rfe8 17.Rb1 e5 18.fxe5 Rxe5 19.bxc5 Rce8 20.Rfe1 bxc5 21.Bf4 R5e6 
22.g4 h5 23.g5 Nh7 24.Bxc6 Qxc6 25.Nb5 Be5 26.Nxa7 Qd7 
    ( 26...Qa8 {!} )
27.Nb5 Bxf4 28.Qxf4 Re3 29.Nd6 Rd8 30.Rb7 Nxg5 31.Rxd7 Nxh3+ 32.Kh2 Rxd7 
33.Qf6 Re6 34.Ne4 1-0

[Event "51st POL-ch"]
[Site "Gdansk POL"]
[Date "1994.03.??"]
[Round "13"]
[White "Kempinski, Robert"]
[Black "Matlak, Marek"]
[Result "0-1"]
[WhiteElo "2385"]
[BlackElo "2485"]
[EventDate "1994.03.13"]
[PlyCount "62"]

1.d4 d5 2.c4 e6 3.Nc3 c6 4.e3 Nf6 5.f4 c5 6.cxd5 exd5 7.Nf3 Nc6 8.Bd3 Bg4 
9.O-O Be7 10.dxc5 Bxc5 11.h3 Be6 12.Kh1 O-O 13.a3 h6 14.b4 Bd6 15.Qe1 Re8 
16.Na4 Bc7 17.Bb2 Qe7 18.Qc3 Rac8 19.b5 Na5 20.Rad1 Nc4 21.Bxc4 Bb8 22.Nd2
dxc4 23.e4 Red8 24.e5 Nd5 25.Qg3 Bf5 26.e6 fxe6 27.Rc1 Nxf4 28.Rxf4 Rxd2 
29.Qe3 Bxf4 30.Qxf4 Qg5 31.Qf3 Rxb2 0-1

[Event "51st POL-ch"]
[Site "Gdansk POL"]
[Date "1994.03.??"]
[Round "13"]
[White "Markowski, Tomasz"]
[Black "Czerwonski, Aleksander"]
[Result "1-0"]
[WhiteElo "2495"]
[BlackElo "2395"]
[EventDate "1994.03.13"]
[PlyCount "87"]

1.e4 c6 2.c4 d5 3.exd5 cxd5 4.d4 Nf6 5.Nc3 Nc6 6.Bg5 Be6 7.Be2 Qa5 8.Nf3 
dxc4 9.O-O Rd8 10.Re1 Bd5 11.Bxf6 gxf6 12.Rc1 Bh6 13.Nxd5 Bxc1 14.Nxf6+ 
exf6 15.Bxc4+ Kf8 16.Qxc1 Kg7 17.d5 Rxd5 18.Bxd5 Qxd5 19.Qf4 Rd8 20.b3 Nd4
21.Nxd4 Qxd4 22.Qg3+ Kf8 23.h3 Rd7 24.Re3 Qd1+ 25.Kh2 Qd6 26.f4 Qd2 27.Rc3
Rd4 28.Rc8+ Rd8 29.Rc7 Rd7 30.Rc3 Rd4 31.f5 Qf4 32.Rc8+ Ke7 33.Rc7+ Kf8 
34.Rxb7 a5 35.a4 Qxg3+ 36.Kxg3 h5 37.Rb5 h4+ 38.Kf3 Rd3+ 39.Kg4 Rg3+ 40.
Kxh4 Rxg2 41.Rxa5 Ke7 42.Rb5 Kd6 43.Kh5 Rg5+ 44.Kh6 1-0

[Event "51st POL-ch"]
[Site "Gdansk POL"]
[Date "1994.03.??"]
[Round "13"]
[White "Murdzia, Piotr"]
[Black "Urban, Klaudiusz"]
[Result "1-0"]
[WhiteElo "2435"]
[BlackElo "2440"]
[EventDate "1994.03.13"]
[PlyCount "111"]

1.b4 e5 2.Bb2 d6 3.e3 Nf6 4.Nf3 e4 5.Nd4 c5 6.bxc5 dxc5 7.Nb3 Be7 8.Be2 
O-O 9.O-O Nc6 10.d3 Bf5 11.f3 exf3 12.Bxf3 Be6 13.N1d2 Nd5 14.Qe1 Bh4 15.
Qe2 Bg5 16.Bxd5 Qxd5 17.c4 Qd8 18.Nxc5 Qb6 19.Nde4 Bxe3+ 20.Qxe3 Qxb2 21.
Rab1 Qe5 22.Rxb7 f5 23.Nxe6 Qxe6 24.Qg3 Qe5 25.Qxe5 Nxe5 26.Nc5 Rac8 27.
Ne6 Rf7 28.Rfb1 Re8 29.Rb8 Re7 30.Nc7 Rxb8 31.Rxb8+ Kf7 32.Nd5 Rd7 33.Rb3 
g5 34.h3 Ke6 35.Kf2 f4 36.Ke2 Rf7 37.Ra3 Rb7 38.Rb3 Rf7 39.Rb8 f3+ 40.gxf3
Nxf3 41.Ke3 Ng1 42.h4 Rf3+ 43.Ke4 gxh4 44.Nf4+ Kd6 45.Rh8 Rg3 46.Rxh7 Nf3 
47.Rh6+ Kc5 48.Rh5+ Kc6 49.Ne2 Nd2+ 50.Kd4 Rh3 51.Rh6+ Kc7 52.Nf4 Rg3 53.
Kc5 Nf3 54.Rh7+ Kd8 55.Kd6 Ke8 56.Ne6 1-0

[Event "51st POL-ch"]
[Site "Gdansk POL"]
[Date "1994.03.??"]
[Round "13"]
[White "Skalik, Przemyslaw"]
[Black "Schmidt, Wlodzimierz"]
[Result "1-0"]
[WhiteElo "2365"]
[BlackElo "2435"]
[EventDate "1994.03.13"]
[PlyCount "113"]

1.d4 Nf6 2.c4 g6 3.Nc3 Bg7 4.e4 d6 5.f3 O-O 6.Be3 Nc6 7.Nge2 a6 8.Qd2 Rb8 
9.Nc1 e5 10.d5 Nd4 11.N1e2 c5 12.dxc6 Nxc6 13.Rc1 Qa5 14.Nd5 Qxd2+ 15.Kxd2
Be6 16.Nec3 Nd7 17.Nc7 Rfc8 18.Nxe6 fxe6 19.h4 Nd4 20.h5 Nf6 21.hxg6 hxg6 
22.Bd3 Nh5 23.Ne2 Nxe2 24.Bxe2 Rc6 25.Rhd1 Bf6 26.b4 Kf7 27.Kc2 Be7 28.Kb3
Rh8 29.a4 Rcc8 30.c5 dxc5 31.Rd7 Ng3 32.Bc4 cxb4 33.Rxb7 Rc6 34.Bg5 Re8 
35.Rd1 Nh5 36.a5 Nf6 37.Rb6 Rec8 38.Rxc6 Rxc6 39.Be3 Ke8 40.Bb6 Nd7 41.
Bxa6 Rxb6 
    ( 41...Nc5+ {!} )
42.axb6 Nc5+ 43.Kxb4 Nxa6+ 44.Kb5 Nb8 45.b7 Bd8 46.Rc1 Kd7 47.Rc8 Bc7 48.
Rg8 Nc6 49.Rxg6 Nd8 50.Rg7+ Kd6 51.g4 Nxb7 52.g5 Nd8 53.g6 Nc6 54.Rf7 Ne7 
55.g7 Ng8 56.Rf8 Nh6 57.Rh8 1-0